[Event "AUTO-MASTER-570"]
[Site "http://www.queenalice.com/game.php?id=437048"]
[Date "2008.7.22"]
[Round "1"]
[White "xyz"]
[Black "li2carpio"]
[Result "1-0"]
[WhiteElo "2172"]
[BlackElo "1881"]

1. e4 c5 2. Nf3 Nc6 3. d4 cxd4 4. Nxd4 a6 5. c4 d6 6. Nc3 Bd7 7. Be2 h6 8. O-O
e6 9. Be3 Nf6 10. f4 Be7 11. Kh1 Qc7 12. Rc1 g5 13. Nd5 exd5 14. cxd5 Nxe4 15.
Bf3 Nf6 16. dxc6 bxc6 17. Nxc6 Bf8 18. Re1 1-0

[Event "AUTO-MASTER-570"]
[Site "http://www.queenalice.com/game.php?id=437059"]
[Date "2008.7.22"]
[Round "1"]
[White "xyz"]
[Black "xiao"]
[Result "1-0"]
[WhiteElo "2202"]
[BlackElo "1940"]

1. d4 Nf6 2. Nf3 g6 3. Bf4 Bg7 4. e3 c6 5. Nbd2 O-O 6. Bd3 d6 7. h3 Nd5 8. Bh2
Nb4 9. Be2 c5 10. c3 Nd5 11. e4 Nf6 12. O-O cxd4 13. cxd4 Nbd7 14. e5 Nd5 15.
exd6 N7f6 16. dxe7 Nxe7 17. Nc4 Ne4 18. Re1 Nf5 19. Bd3 Ned6 20. Nce5 Qb6 21.
Qa4 Qd8 22. Rad1 Qb6 23. d5 Qd8 24. Qa3 Qf6 25. g4 Nh4 26. Nxh4 Qxh4 27. Qxd6
Qxh3 28. Bf1 Qh4 29. Bg3 Qg5 30. f4 Qh6 31. g5 Qh5 32. Be2 Qh3 33. Kf2 Qf5 34.
Bd3 Qh3 35. Rh1 Bxe5 36. Qxe5 Qg4 37. Rxh7 1-0

[Event "AUTO-MASTER-570"]
[Site "http://www.queenalice.com/game.php?id=437060"]
[Date "2008.7.22"]
[Round "1"]
[White "xiao"]
[Black "xyz"]
[Result "0-1"]
[WhiteElo "1914"]
[BlackElo "2167"]

1. e4 e6 2. d4 d5 3. e5 c5 4. dxc5 Nc6 5. Bb5 Bxc5 6. Nf3 Ne7 7. Bg5 Qb6 8. Qe2
Bxf2+ 9. Qxf2 Qxb5 10. b3 Qb4+ 11. Nbd2 O-O 12. O-O Ng6 13. Nh4 Ngxe5 14. Qg3
Qc5+ 15. Be3 Qxc2 16. Bh6 Ng6 17. Bg5 Nxh4 18. Qxh4 f6 19. Qh5 Qc5+ 20. Kh1 fxg5
21. Rxf8+ Qxf8 22. Nf3 h6 0-1

[Event "AUTO-OPEN-1084"]
[Site "http://www.queenalice.com/game.php?id=452148"]
[Date "2008.8.22"]
[Round "2"]
[White "JoseASeguro"]
[Black "xyz"]
[Result "0-1"]
[WhiteElo "1874"]
[BlackElo "2175"]

1. e4 e6 2. d3 d5 3. Nd2 c5 4. g3 Nc6 5. Bg2 Nf6 6. Ngf3 Be7 7. O-O O-O 8. Re1
b5 9. e5 Nd7 10. Nf1 a5 11. h4 b4 12. Bf4 Ba6 13. Ng5 Qe8 14. Qg4 Nd4 15. Ne3
Kh8 0-1

[Event "AUTO-OPEN-1081"]
[Site "http://www.queenalice.com/game.php?id=460481"]
[Date "2008.9.9"]
[Round "2"]
[White "xyz"]
[Black "yanpom"]
[Result "1-0"]
[WhiteElo "2194"]
[BlackElo "1975"]

1. e4 e5 2. Nf3 Nc6 3. Bb5 a6 4. Ba4 Nf6 5. O-O d6 6. Re1 Be7 7. c3 b5 8. Bc2
O-O 9. h3 Bb7 10. d4 exd4 11. cxd4 Re8 12. d5 Ne5 13. Nd4 h6 14. Nc3 c5 15. dxc6
Nxc6 16. Nf5 Ne5 17. Bf4 Qb6 18. Re3 Nc4 19. Rg3 Nxb2 20. Rxg7+ Kf8 21. Bxh6 Ng8
22. Rxg8+ Kxg8 23. Qg4+ 1-0

[Event "AUTO-OPEN-1081"]
[Site "http://www.queenalice.com/game.php?id=460483"]
[Date "2008.9.9"]
[Round "2"]
[White "xyz"]
[Black "Jane"]
[Result "1-0"]
[WhiteElo "2171"]
[BlackElo "1681"]

1. e4 e5 2. Nf3 Nc6 3. Bc4 Nf6 4. d4 exd4 5. O-O Nxe4 6. Re1 d5 7. Bxd5 Qxd5 8.
Nc3 Qh5 9. Nxe4 Bg4 10. Nf6+ Kd8 11. Re8# 1-0

[Event "AUTO-OPEN-1081"]
[Site "http://www.queenalice.com/game.php?id=460484"]
[Date "2008.9.9"]
[Round "2"]
[White "Jane"]
[Black "xyz"]
[Result "0-1"]
[WhiteElo "1644"]
[BlackElo "2206"]

1. e4 e5 2. Nf3 Nc6 3. Bc4 Nf6 4. d3 Be7 5. Bg5 d6 6. Bxf6 Bxf6 7. Nc3 Ne7 8.
Nd5 Nxd5 9. Bxd5 c6 10. Bb3 O-O 11. O-O a5 12. Bc4 b5 13. Bxb5 cxb5 14. h3 d5
15. exd5 Qxd5 16. Qe2 Re8 17. Qe4 Bb7 18. Qxd5 Bxd5 19. b3 Bxf3 20. gxf3 e4 21.
Rae1 exd3 22. Rxe8+ Rxe8 23. cxd3 Re2 24. a4 bxa4 25. bxa4 Ra2 26. Rb1 g6 27.
Rb8+ Kg7 28. Rb5 Rxa4 29. Kg2 Ra1 30. f4 a4 31. Ra5 a3 32. Kf3 a2 33. Ke2 Bc3
34. Ra3 Re1+ 35. Kf3 a1=Q 36. Rxa1 Bxa1 37. Kg4 f5+ 38. Kf3 Bd4 39. Kg3 Re2 40.
f3 Bg1 41. h4 Bh2+ 42. Kh3 Bxf4 43. d4 Rh2# 0-1

[Event "AUTO-MASTER-526"]
[Site "http://www.queenalice.com/game.php?id=466765"]
[Date "2008.9.22"]
[Round "2"]
[White "xyz"]
[Black "daf88"]
[Result "1-0"]
[WhiteElo "2241"]
[BlackElo "2079"]

1. e4 e6 2. d4 d5 3. Nc3 Nf6 4. Bg5 Be7 5. e5 Nfd7 6. Bxe7 Qxe7 7. f4 a6 8. Nf3
c5 9. dxc5 Qxc5 10. Qd2 Nc6 11. Bd3 b5 12. a3 Bb7 13. Qf2 Qxf2+ 14. Kxf2 Rc8 15.
Ne2 Nc5 16. Ned4 Nxd3+ 17. cxd3 Ke7 18. Rac1 Nxd4 19. Nxd4 Kd7 20. Ke3 Rxc1 21.
Rxc1 Rc8 22. Rxc8 Bxc8 23. b4 Bb7 24. h4 f6 25. g4 fxe5 26. fxe5 Ke7 27. Nb3 Bc8
28. Kd4 Kd7 29. Kc5 Kc7 30. Nd4 Bd7 31. Ne2 Bc8 32. Nf4 Bd7 33. Nh5 g6 34. Nf6
h5 35. gxh5 gxh5 36. Nxh5 Be8 37. Nf6 Bg6 38. d4 Bc2 39. h5 1-0

[Event "AUTO-MASTER-526"]
[Site "http://www.queenalice.com/game.php?id=466766"]
[Date "2008.9.22"]
[Round "2"]
[White "daf88"]
[Black "xyz"]
[Result "0-1"]
[WhiteElo "2116"]
[BlackElo "2213"]

1. e4 e6 2. d4 d5 3. Nc3 Bb4 4. e5 c5 5. a3 Bxc3+ 6. bxc3 Ne7 7. Qg4 Qc7 8. Bd2
cxd4 9. cxd4 Qxc2 10. Rc1 Qg6 11. Qxg6 hxg6 12. Bb4 Nbc6 13. Bb5 Bd7 14. Bxe7
Nxe7 15. Bxd7+ Kxd7 16. Ne2 Rac8 17. O-O Rc4 18. Rc3 Rhc8 19. Rfc1 Nf5 20. Rxc4
Rxc4 21. Rd1 b5 22. g4 Nh4 23. Rd3 a5 24. h3 b4 25. axb4 Rxb4 26. Kh2 a4 27. Kg3
g5 28. f4 f6 29. fxg5 fxg5 30. Ra3 Rb3+ 31. Rxb3 axb3 32. Nc3 Kc6 33. Kf2 Kb6
34. Ke2 Ka5 35. Kd3 Nf3 36. Nxd5 exd5 37. e6 b2 38. Kc2 Nxd4+ 39. Kxb2 Nxe6 40.
Kc3 Kb5 0-1

[Event "AUTO-OPEN-1084"]
[Site "http://www.queenalice.com/game.php?id=493703"]
[Date "2008.11.15"]
[Round "3"]
[White "Diego_Silveira"]
[Black "xyz"]
[Result "0-1"]
[WhiteElo "2013"]
[BlackElo "2207"]

1. d4 Nf6 2. c4 e5 3. dxe5 Ng4 4. e4 Nxe5 5. f4 Nec6 6. Nf3 Bc5 7. Nc3 d6 8. Bd3
O-O 9. Qe2 Bg4 10. h3 Nd4 11. Qd1 Bxf3 12. gxf3 Qh4+ 13. Kf1 Nb3 14. Qe2 Nxa1
15. b3 Nc6 16. Bb2 Nd4 17. Qg2 Nac2 18. Bxc2 Nxc2 19. Qxc2 f5 20. Nd5 fxe4 21.
fxe4 Rxf4+ 22. Nxf4 Qxf4+ 23. Kg2 Rf8 24. Bc1 Qf3+ 25. Kh2 Bf2 0-1

[Event "AUTO-OPEN-1084"]
[Site "http://www.queenalice.com/game.php?id=493707"]
[Date "2008.11.15"]
[Round "3"]
[White "xyz"]
[Black "JoseASeguro"]
[Result "1-0"]
[WhiteElo "2199"]
[BlackElo "1907"]

1. e4 d5 2. exd5 Qxd5 3. Nc3 Qa5 4. d4 e5 5. Nf3 e4 6. Ne5 Nf6 7. Bc4 Be6 8. d5
Bf5 9. O-O Bd6 10. Bb5+ Nbd7 11. Nc4 Qb4 12. a3 Qc5 13. Be3 Bxh2+ 14. Kxh2 Ng4+
15. Qxg4 1-0

[Event "AUTO-OPEN-1084"]
[Site "http://www.queenalice.com/game.php?id=493708"]
[Date "2008.11.15"]
[Round "3"]
[White "JoseASeguro"]
[Black "xyz"]
[Result "0-1"]
[WhiteElo "1944"]
[BlackElo "2238"]

1. d4 Nf6 2. Bg5 e6 3. e3 c5 4. Nd2 cxd4 5. exd4 Be7 6. c4 h6 7. Bh4 Nc6 8. Ngf3
Qb6 9. Nb3 Bb4+ 10. Ke2 Be7 11. c5 Qc7 12. Ke1 d6 13. Bxf6 Bxf6 14. cxd6 Qxd6
15. Rc1 O-O 16. Bd3 Rd8 17. Rc4 e5 18. dxe5 Nxe5 19. Nxe5 Qxe5+ 20. Kf1 Qd5 21.
Ke2 Bf5 22. Rc3 Bxc3 0-1

[Event "AUTO-MASTER-570"]
[Site "http://www.queenalice.com/game.php?id=533448"]
[Date "2009.2.1"]
[Round "2"]
[White "xyz"]
[Black "jagvg"]
[Result "0-1"]
[WhiteElo "2222"]
[BlackElo "2329"]

1. e4 c5 2. Nf3 e6 3. d4 cxd4 4. Nxd4 a6 5. Bd3 Bc5 6. Nb3 Ba7 7. Qe2 Nc6 8. Be3
Bxe3 9. Qxe3 Nf6 10. Nc3 d6 11. O-O-O O-O 12. f4 e5 13. f5 b5 0-1

[Event "AUTO-MASTER-570"]
[Site "http://www.queenalice.com/game.php?id=533449"]
[Date "2009.2.1"]
[Round "2"]
[White "jagvg"]
[Black "xyz"]
[Result "1-0"]
[WhiteElo "2335"]
[BlackElo "2248"]

1. d4 Nf6 2. Nf3 e6 3. c4 b6 4. g3 Ba6 5. b3 Bb4+ 6. Bd2 Be7 7. Bg2 c6 8. Bc3 d5
9. Ne5 Nfd7 10. Nxd7 Nxd7 11. Nd2 O-O 12. O-O Rc8 13. e4 c5 14. exd5 exd5 15.
dxc5 dxc4 16. c6 cxb3 17. Re1 Bb5 18. axb3 Bxc6 19. Bxc6 Rxc6 20. Rxa7 1-0

[Event "AUTO-MASTER-570"]
[Site "http://www.queenalice.com/game.php?id=533450"]
[Date "2009.2.1"]
[Round "2"]
[White "xyz"]
[Black "hjspinosa"]
[Result "1-0"]
[WhiteElo "2250"]
[BlackElo "2138"]

1. d4 Nf6 2. Nf3 g6 3. g3 Bg7 4. Bg2 O-O 5. O-O d5 6. c4 c6 7. cxd5 cxd5 8. Ne5
Nbd7 9. Nc3 e6 10. f4 b6 11. Kh1 Ba6 12. Qa4 Bb7 13. Be3 a5 14. Rac1 Rc8 15. Bf3
Ba6 16. Nb5 Bxb5 17. Qxb5 Nxe5 18. fxe5 Nd7 19. Kg2 Qe7 20. a3 h5 21. h3 f6 22.
Qd3 Qf7 23. exf6 Bxf6 24. g4 Qg7 25. gxh5 Rxc1 26. Rxc1 gxh5+ 27. Kh1 Qf7 28.
Rg1+ Kh8 29. Rg6 e5 30. Bxh5 Bg7 31. Rh6+ Bxh6 32. Bxf7 Bxe3 33. Qxe3 Rxf7 34.
dxe5 Re7 35. Qg5 1-0

[Event "AUTO-MASTER-570"]
[Site "http://www.queenalice.com/game.php?id=533451"]
[Date "2009.2.1"]
[Round "2"]
[White "hjspinosa"]
[Black "xyz"]
[Result "0-1"]
[WhiteElo "2039"]
[BlackElo "2259"]

1. e4 e6 2. d4 d5 3. Nc3 Bb4 4. e5 c5 5. Bd2 Ne7 6. Nb5 Bxd2+ 7. Qxd2 O-O 8.
dxc5 Nd7 9. f4 Nxc5 10. Bd3 Qb6 11. O-O-O Bd7 12. Nd4 Rac8 13. Ngf3 Rfd8 14. Ng5
h6 15. Ngf3 Nc6 16. Kb1 Nxd4 17. Nxd4 Ba4 18. b3 Bc6 19. Ka1 a5 20. g4 a4 21. f5
Ne4 22. Bxe4 dxe4 23. Qe3 axb3 24. cxb3 Rd5 25. fxe6 fxe6 26. Nf5 Qxe3 27. Nxe3
Rxe5 28. Rhf1 Bb5 29. Rf2 Bd3 30. Kb2 Rec5 31. h3 b5 32. h4 b4 33. h5 Rc3 34.
Re1 Bb5 35. Rc2 Bd3 0-1

[Event "AUTO-OPEN-1081"]
[Site "http://www.queenalice.com/game.php?id=545442"]
[Date "2009.2.23"]
[Round "3"]
[White "deep"]
[Black "xyz"]
[Result "0-1"]
[WhiteElo "2027"]
[BlackElo "2239"]

1. e4 e6 2. d4 d5 3. Nc3 Bb4 4. e5 c5 5. Qg4 Ne7 6. Qxg7 Rg8 7. Qxh7 cxd4 8. Bd2
dxc3 9. bxc3 Ba5 10. h4 Qc7 11. Rh3 Qxe5+ 12. Ne2 Nbc6 13. Rf3 Qg7 14. Qd3 Bd7
15. Rb1 Ne5 16. Qe3 Nxf3+ 17. Qxf3 O-O-O 18. Bg5 Nf5 19. Bxd8 Rxd8 20. g3 Bc6
21. Bh3 Nd6 22. Kf1 Ne4 23. Rb3 Nd2+ 0-1

[Event "AUTO-OPEN-1081"]
[Site "http://www.queenalice.com/game.php?id=545443"]
[Date "2009.2.23"]
[Round "3"]
[White "xyz"]
[Black "deep"]
[Result "1-0"]
[WhiteElo "2245"]
[BlackElo "2004"]

1. e4 c5 2. Nf3 Nc6 3. Bb5 a6 4. Bxc6 dxc6 5. d3 Qb6 6. O-O g6 7. a4 a5 8. Na3
Bg7 9. Nc4 Qc7 10. Bd2 Nf6 11. Qe1 O-O 12. Bxa5 Qf4 13. Bd2 Qc7 14. a5 Bg4 15.
Nfe5 Be6 16. f4 Nd7 17. Bc3 Nxe5 18. Nxe5 Ra7 19. Qg3 f6 20. f5 Bf7 21. fxg6
Bxg6 22. Nxg6 Qxg3 23. Nxe7+ Kf7 24. hxg3 Kxe7 25. Rf5 Bh6 26. Kf2 Bg5 27. Rxc5
Kd6 28. Bb4 1-0